Comuni della Provincia di Massa-Carrara (con mappa) - Statistics

Statistiche generali
  • Questo quiz è stato fatto 31 volte
  • Il punteggio medio è 9 su 17
Risposte nella Mappa
Le risposte nella mappa del quiz sottostante sono codificate secondo una scala di colori dal rosso al verde in base alla % di persone che hanno risposto correttamente.
 
Statistiche sulle risposte
Risposta % Corretto
Carrara
100%
Massa
100%
Aulla
84%
Pontremoli
79%
Fosdinovo
58%
Montignoso
58%
Fivizzano
53%
Villafranca in Lunigiana
47%
Zeri
47%
Casola in Lunigiana
42%
Filattiera
42%
Licciana Nardi
42%
Mulazzo
42%
Bagnone
37%
Comano
37%
Podenzana
37%
Tresana
37%
Nessun quiz corrispondente trovato
Distribuzione punteggi
Percentuale di utenti per punteggio
Percentile per numero di risposta
I tuoi punteggi nel tempo
Non hai fatto questo quiz